000
00292nam a2200109Ia 4500
008
200302s9999 xx 000 0 und d
100
_a
Mahjeet Gandhi
245
_a
Century Design Interior Designer's Portfolios
260
_b
Century Plyboards (India) Ltd.,
260
_c
2002
300
_a
153 P.,
999
_c
1547
_d
1547